Krušnohorský poutník /
Krušnohoří je kraj, který se neodhalí na první pohled. Vyžaduje čas, pozornost a chuť sejít z hlavních cest. Zkušený průvodce a znalec regionu Petr Mikšíček zve na výlety k pozůstatkům zaniklých osad, tichým zákoutím i místům, kde minulost zanechala jen nepatrné stopy. Každá z patnácti tras nabízí v...
Uloženo v:
| Hlavní autor: | |
|---|---|
| Médium: | E-kniha |
| Jazyk: | Czech |
| Vydáno: |
Praha :
Albatros Media a.s.,
2026
|
| Tagy: |
Žádné tagy |
| LEADER | 01524nam a22002297i 4500 | ||
|---|---|---|---|
| 001 | 313650 | ||
| 007 | ta | ||
| 008 | 260605s2026 xr ||||| |||| 00| 0 cze d | ||
| 020 | |a 9788074077494 | ||
| 044 | |a xr | ||
| 100 | 1 | |a Mikšíček, Petr |4 aut | |
| 245 | 1 | 0 | |a Krušnohorský poutník / |c Mikšíček, Petr |
| 264 | 1 | |a Praha : |b Albatros Media a.s., |c 2026 | |
| 300 | |a 1 online zdroj (184 stran) | ||
| 336 | |a text |b txt |2 rdacontent | ||
| 337 | |a bez média |b n |2 rdamedia | ||
| 338 | |a online zdroj |b cr |2 rdacarrier | ||
| 520 | 2 | |a Krušnohoří je kraj, který se neodhalí na první pohled. Vyžaduje čas, pozornost a chuť sejít z hlavních cest. Zkušený průvodce a znalec regionu Petr Mikšíček zve na výlety k pozůstatkům zaniklých osad, tichým zákoutím i místům, kde minulost zanechala jen nepatrné stopy. Každá z patnácti tras nabízí víc než jen cíl – ukazuje osudy lidí a proměny kraje, které inspirují k pomalému objevování. Bohatý fotografický doprovod zachycuje autentické Krušnohoří: drsné, krásné a plné skrytých příběhů. | |
| 910 | |a RBIT002 | ||
| 998 | |d 427610 |a https://core.palmknihy.cz/api/books/427610/cover?tg2twm |b https://core.palmknihy.cz/api/books/427610/cover/400?tg2twm |c https://core.palmknihy.cz/api/books/427610/cover/50?tg2twm |e 2035-12-31 |g 184 |i 9788074077494 |j https://core.palmknihy.cz/api/books/427610/preview.epub |k https://core.palmknihy.cz/api/books/427610/preview.pdf |l |q 49 |r 1 |s https://www.palmknihy.cz/kniha/427610 |t ebook |y 2026 |z 1 | ||
| 999 | |d 313648 | ||